[Event "Interclub A"]
[Site "Adelaide"]
[Date "2008.06.24"]
[Round "9.1"]
[White "Jackson, Ralph E"]
[Black "Hubczenko, Ilya"]
[Result "1-0"]
[WhiteElo "1901"]
[BlackElo "1576"]
[PlyCount "109"]
[EventDate "2008.04.29"]

1. Nf3 c5 2. c4 Nf6 3. Nc3 g6 4. g3 Bg7 5. Bg2 Nc6 6. O-O O-O 7. d4 cxd4 8.
Nxd4 Nxd4 9. Qxd4 d6 10. Bd2 Ng4 11. Qd5 Rb8 12. b3 Be6 13. Qd3 a6 14. Rac1 Bf5
15. e4 Ne5 16. Qe2 Bg4 17. f3 Bd7 18. h3 b5 19. f4 Nc6 20. cxb5 Nd4 21. Qf2
Nxb5 22. Nxb5 Rxb5 23. Rfd1 Qb8 24. Bf1 Rh5 25. g4 Rc5 26. Rxc5 dxc5 27. Qxc5
e5 28. Bc3 Rc8 29. Bxe5 Bxe5 30. Qxe5 Qxe5 31. fxe5 Bb5 32. Bxb5 axb5 33. Rd5
Rb8 34. Kf2 Kf8 35. Ke3 Ke7 36. Kd4 Ke6 37. Kc3 b4+ 38. Kc4 Ra8 39. Kxb4 Rxa2
40. Kb5 Re2 41. b4 Re3 42. Kc6 Rxh3 43. b5 Rb3 44. b6 h5 45. gxh5 gxh5 46. b7
Rxb7 47. Kxb7 h4 48. Kc6 h3 49. Kc5 h2 50. Rd6+ Kxe5 51. Rh6 Kxe4 52. Rxh2 f5
53. Kc4 Ke3 54. Rh3+ Ke2 55. Kd4 1-0

[Event "Interclub A"]
[Site "Adelaide"]
[Date "2008.06.24"]
[Round "9.2"]
[White "Serwan, Peter"]
[Black "Haydn, Gavin"]
[Result "1-0"]
[WhiteElo "1759"]
[BlackElo "1551"]
[PlyCount "69"]
[EventDate "2008.04.29"]

1. d4 Nf6 2. c4 g6 3. Nc3 Bg7 4. e4 d6 5. f3 O-O 6. Be3 c6 7. Qd2 Nbd7 8. Bh6
a6 9. h4 e5 10. d5 cxd5 11. cxd5 Nh5 12. Bxg7 Kxg7 13. g4 Ng3 14. Rh3 Nxf1 15.
Kxf1 h6 16. Nge2 Nf6 17. Rg3 Nxg4 18. fxg4 Qxh4 19. Kg2 Qe7 20. Rh1 g5 21. Kf2
Bd7 22. Qe3 b5 23. Qf3 b4 24. Nd1 Rac8 25. Ne3 Qd8 26. Rgh3 Rh8 27. Ng3 Qb6 28.
Nh5+ Kf8 29. Qf6 Rc2+ 30. Kf3 Bxg4+ 31. Kxg4 Rg8 32. Nxc2 Rg6 33. Qf5 Qc5 34.
Ne3 Ke7 35. Rf1 1-0

[Event "Interclub A"]
[Site "Adelaide"]
[Date "2008.06.24"]
[Round "9.3"]
[White "Hatch, John"]
[Black "Glascott, Brent"]
[Result "0-1"]
[WhiteElo "1466"]
[BlackElo "1178"]
[PlyCount "86"]
[EventDate "2008.04.29"]

1. d4 Nf6 2. c4 d6 3. Nc3 e6 4. Nf3 Be7 5. e4 O-O 6. Bd3 Ne8 7. O-O f5 8. exf5
exf5 9. Nd5 c6 10. Nxe7+ Qxe7 11. Bg5 Qc7 12. Re1 Nf6 13. Qc2 Ne4 14. Bxe4 fxe4
15. Qxe4 Bf5 16. Qh4 Nd7 17. Re7 Bg6 18. Rae1 Rf7 19. Rxf7 Bxf7 20. b3 Nf8 21.
Re7 Qa5 22. a4 Ng6 23. Bd2 Qa6 24. Qe4 Nxe7 25. Qxe7 Re8 26. Qxd6 Qb6 27. Qb4
Qc7 28. Ne5 Bg6 29. Qc3 Qd6 30. b4 Qf6 31. Qg3 Qf5 32. Qb3 Rf8 33. c5+ Bf7 34.
Nxf7 Rxf7 35. Be3 Kh8 36. b5 Qg4 37. Kf1 Qf5 38. bxc6 bxc6 39. h3 Rf8 40. a5
Qd7 41. a6 Qc7 42. g3 Qxg3 43. Qb7 Qxe3 0-1

[Event "Interclub A"]
[Site "Adelaide"]
[Date "2008.06.24"]
[Round "9.4"]
[White "Atrens, Karlis"]
[Black "Bortsova, Natasha"]
[Result "0-1"]
[WhiteElo "1166"]
[BlackElo "1102"]
[PlyCount "48"]
[EventDate "2008.04.29"]

1. c4 e5 2. Nc3 Nf6 3. g3 Nc6 4. Bg2 Bc5 5. e3 d6 6. Nf3 Bf5 7. d3 Nb4 8. Bf1
e4 9. d4 exf3 10. dxc5 Nc2+ 11. Qxc2 Bxc2 12. cxd6 Qxd6 13. Bd2 Ne4 14. Nxe4
Bxe4 15. a3 Bd3 16. O-O-O Be2 17. Re1 O-O-O 18. Bb4 c5 19. Bc3 Bxf1 20. Rhxf1
f6 21. h4 Rd7 22. Rh1 Rhd8 23. Rh3 Qe6 24. Rhh1 Qxc4 0-1